Sociologie des relations internationales / (Record no. 59310)

MARC details
000 -LEADER
campo de control de longitud fija 01149cam a2200373 4500
003 - IDENTIFICADOR DE NÚMERO DE CONTROL
campo de control BJBSDDR
005 - FECHA Y HORA DE LA ÚLTIMA TRANSACCIÓN
campo de control 20230410121152.0
007 - CAMPO FIJO DE DESCRIPCIÓN FÍSICA--INFORMACIÓN GENERAL
campo de control de longitud fija ta
008 - DATOS DE LONGITUD FIJA--INFORMACIÓN GENERAL
campo de control de longitud fija 070112s2007 fr 000 0 fre d
020 ## - NÚMERO INTERNACIONAL ESTÁNDAR DEL LIBRO
Número Internacional Estándar del Libro 2707150797
020 ## - NÚMERO INTERNACIONAL ESTÁNDAR DEL LIBRO
Número Internacional Estándar del Libro 9782707150790
035 ## - NÚMERO DE CONTROL DEL SISTEMA
Número de control de sistema (CaOOAMICUS)000037569505
040 ## - FUENTE DE CATALOGACIÓN
Centro catalogador/agencia de origen CaOOU
Lengua de catalogación fre
Centro/agencia transcriptor TZT
041 ## - CÓDIGO DE IDIOMA
Código de lengua del texto/banda sonora o título independiente fre
050 14 - SIGNATURA TOPOGRÁFICA DE LA BIBLIOTECA DEL CONGRESO
Número de clasificación JZ 1242
Número de ítem D495s 2007
082 00 - NÚMERO DE LA CLASIFICACIÓN DECIMAL DEWEY
Número de clasificación 327
100 1# - ENTRADA PRINCIPAL--NOMBRE DE PERSONA
Nombre de persona Devin, Guillaume,
Fechas asociadas al nombre 1954-
245 10 - MENCIÓN DEL TÍTULO
Título Sociologie des relations internationales /
Mención de responsabilidad, etc. Guillaume Devin.
250 ## - MENCION DE EDICION
Mención de edición Nouvelle édition.
260 ## - PUBLICACIÓN, DISTRIBUCIÓN, ETC.
Lugar de publicación, distribución, etc. Paris :
Nombre del editor, distribuidor, etc. Découverte,
Fecha de publicación, distribución, etc. 2007.
300 ## - DESCRIPCIÓN FÍSICA
Extensión 122 p. ;
Dimensiones 19 cm.
440 #0 - MENCIÓN DE SERIE/PUNTO DE ACCESO ADICIONAL--TÍTULO
Título Collection Reperes ;
Designación de volumen o secuencia n. 335
504 ## - NOTA DE BIBLIOGRAFÍA, ETC.
Nota de bibliografía, etc. Bibliogr.: p. 107-[114].
650 #6 - PUNTO DE ACCESO ADICIONAL DE MATERIA--TÉRMINO DE MATERIA
Término de materia o nombre geográfico como elemento de entrada Relations internationales
Subdivisión general Aspect sociologique.
650 #0 - PUNTO DE ACCESO ADICIONAL DE MATERIA--TÉRMINO DE MATERIA
Término de materia o nombre geográfico como elemento de entrada International relations.
650 #0 - PUNTO DE ACCESO ADICIONAL DE MATERIA--TÉRMINO DE MATERIA
Término de materia o nombre geográfico como elemento de entrada International relations
Subdivisión general Social aspects.
650 #4 - PUNTO DE ACCESO ADICIONAL DE MATERIA--TÉRMINO DE MATERIA
Término de materia o nombre geográfico como elemento de entrada Relaciones internacionales
Subdivisión general Aspectos sociales.
9 (RLIN) 154
650 #4 - PUNTO DE ACCESO ADICIONAL DE MATERIA--TÉRMINO DE MATERIA
Término de materia o nombre geográfico como elemento de entrada Sociología política
9 (RLIN) 2156
650 #4 - PUNTO DE ACCESO ADICIONAL DE MATERIA--TÉRMINO DE MATERIA
Término de materia o nombre geográfico como elemento de entrada Política internacional
Subdivisión general Aspectos sociales.
9 (RLIN) 265
730 0# - ASIENTO SECUNDARIO--TITULO UNIFORME
Título uniforme Collection Reperes
830 #0 - PUNTO DE ACCESO ADICIONAL DE SERIE-TÍTULO UNIFORME
9 (RLIN) 14932
Título uniforme Reperes
942 ## - ELEMENTOS DE ENTRADA SECUNDARIOS (KOHA)
Fuente del sistema de clasificación o colocación Clasificación de Library of Congress
Tipo de ítem Koha Libro
946 ## - PROCESAMIENTO DE INFORMACIÓN LOCAL (OCLC)
a JaaM
Holdings
Estatus retirado Estado de pérdida Estado de daño No para préstamo Colección Biblioteca de origen Biblioteca actual Ubicación en estantería Fecha de adquisición Signatura topográfica completa Código de barras Visto por última vez Copia número Tipo de ítem Koha
        Ciencias Sociales Biblioteca Juan Bosch Biblioteca Juan Bosch Ciencias Sociales (3er. Piso) 10/04/2023 JZ 1242 D495s 2007 00000116190 24/10/2018 1 Libro